| 000 | 01640cam a2200469 a 4500 | ||
|---|---|---|---|
| 001 | 1038937 | ||
| 003 | OSt | ||
| 005 | 20140310184243.0 | ||
| 008 | 891120s1990 nyuab j 000 0deng | ||
| 010 | _a 89070835 | ||
| 020 | _a0590450522 | ||
| 040 |
_aDLC _cDLC _dDLC |
||
| 042 | _alcac | ||
| 043 | _an-us-mn | ||
| 050 | 0 | 0 |
_aF 610 _b.P38 1991 |
| 100 | 1 |
_aPaulsen, Gary. _95626 |
|
| 245 | 1 | 0 |
_aWoodsong / _cGary Paulsen. |
| 250 | _a1st ed. | ||
| 260 |
_aNew York : _bBradbury Press, _c1991. |
||
| 300 |
_a132 p. : _bill., map ; _c24 cm. |
||
| 521 | _aG9 | ||
| 526 | _c1090 | ||
| 600 | 1 | 0 |
_aPaulsen, Gary _xHomes and haunts _zMinnesota _vJuvenile literature. _925774 |
| 600 | 1 | 1 |
_aPaulsen, Gary. _95626 |
| 611 | 2 | 0 |
_aIditarod (Race) _vJuvenile literature. _925775 |
| 611 | 2 | 1 |
_aIditarod (Race) _925776 |
| 650 | 0 |
_aOutdoor life _zMinnesota _vJuvenile literature. _925777 |
|
| 650 | 0 |
_aDogsledding _zMinnesota _vJuvenile literature. _925778 |
|
| 650 | 0 |
_aSled dogs _zMinnesota _vJuvenile literature. _925779 |
|
| 650 | 1 |
_aOutdoor life _zMinnesota. _925780 |
|
| 650 | 1 |
_aSled dogs. _925781 |
|
| 650 | 1 |
_aSled dog racing. _925782 |
|
| 651 | 0 |
_aMinnesota _xSocial life and customs _vJuvenile literature. _925783 |
|
| 651 | 0 |
_aMinnesota _vBiography _vJuvenile literature. _925784 |
|
| 700 | 1 |
_aPaulsen, Ruth Wright, _eill. _925785 |
|
| 856 | 4 | 2 |
_3Contributor biographical information _uhttp://www.loc.gov/catdir/enhancements/fy1107/89070835-b.html |
| 906 |
_a7 _bcbc _corignew _d1 _eopcn _f19 _gy-gencatlg |
||
| 942 |
_2lcc _cBK-SCHOLAS |
||
| 999 |
_c33297 _d33297 |
||